000 006300000a22001930004500
999 _c54371
_d54371
001 768714001
003 CO-MdFUSB
005 20170824111022.0
008 170824s2002 xxu||||| |||| 00| 0 eng d
022 _a0120-3649
040 _aCO-MdFUSB
_bspa
_cCO-MdFUSB
_dCO-MdFUSB
041 _aeng
100 1 _aFeldman, Steven (1954- )
_eautor
245 1 0 _aChurch of the nativity unscathed after standoff
300 _aVolumen 28. Número 4 (2002), Páginas 14-15
_c28 cm.
546 _aTexto en inglés
773 0 _tBiblical Archaeology Review
_049395
_959461
_gVolumen 28. Número 4 (2002), Páginas 14-15
_qPágina 14
942 _cANA